Statistiques concernant Les meilleurs buteurs de l'histoire du FC Barcelone

Cliquez ici pour prendre le quiz!

Statistiques générales

  • Ce quiz a été pris 332 fois
  • Le résultat moyen est 4 sur 10

Statistiques - réponses

ButsNationalitéJoueur% Correct
672ArgentineLionel Messi
100%
195UruguayLuis Suárez
99%
130CamerounSamuel Eto'o
85%
130BrésilRivaldo
44%
122Pays-BasPatrick Kluivert
17%
193Hongrie / EspagneLászló Kubala
3%
122EspagneCarles Rexach
1%
226EspagneCésar Rodríguez
1%
120EspagneJosep Escolà
1%
129EspagneMariano Martín
1%

Distribution des résultats

Percentile par nombre de réponses

% des personnes avec chaque résultat

Votre développement - résultats

Vous n’avez pas pris ce quiz